00812nam a2200181 a 450000100100000000500170001000800410002704000250006808200200009310000240011324502300013726000730036730000270044060000580046765100490052565100250057470000310059900002047520200930011122.0081124s1810 dr r 000 0 spa d aDO-SdBNPbspacBNPHU a972.9303bG958d1 aGuillermin, Gilbert10aDiario histórico :bde la revolución de la parte del Este de Santo Domingo, comenzada el 10 de agosto de 1808, con notas estadísticas sobre esta parte /cGilbert Guillermin ; traducido del francés Armando Rodríguez. aFiladelfia, Estados Unidos :bImprenta de P. U. Lafourcade,c[1810]. alii , 287 p. ;c24 cm.14aGUILLERMIN, GILBERTxCORRESPONDENCIAS, MEMORIAS, ETC. 4aRepública DominicanaxHistoriayHASTA 1808 4aHispaniolaxHistoria1 aRodríguez, Armando,etr.